000 01671nam1a2200289 4500
001 RU\NLR\bibl\1253542
005 20260408191549.0
035 _a(NLR Aleph) 001239606
090 _a250364
_c250364
100 _a20260201 rusy50
101 0 _arus
102 _aRU
105 _aa |||||||||
200 1 _aТеория дискретных устройств
_eучебное пособие для студентов очной и заочной форм обучения специальностей 190401.65 "Электроснабжение железных дорог", 190402.65 "Автоматика, телемеханика и связь на железнодорожном транспорте"
_fА.Н. Булдаков
_gФедер. агентство ж.-д. трансп., Иркут. гос. ун-т путей сообщ., Забайк. ин-т ж.-д. трансп., Каф. "Высш. математика и прикл. информатика"
210 _aЧита
_cЗабайкальский институт железнодорожного транспорта
_d2007
215 _d20
463 0 _10011222979
606 _aАвтоматические устройства дискретные (ж.-д.)
_jУчебные издания для высших учебных заведений
_3RU\NLR\auth\661275256
_92109968
686 _aО275-043я73-1
700 1 _aБулдаков
_bА. Н.
_gАлександр Николаевич
_4070
801 0 _aRU
_bNLR
_c20080717
_gRCR
801 1 _aRU
_bNLR
_c20080717
830 _aАвт. по кн.
852 _aNLR
_j2008-3/13073
942 _cBOOK
980 _aNB